Čo ak Briti vystúpia z únie

Kritický postoj britského premiéra D. Camerona k politike Európskej únie. Pripravované referendum o zotrvaní Veľkej Británie v EÚ. Čo hovoria štúdie o dôsledkoch odchodu Spojeného kráľovstva z EÚ.

Gespeichert in:
Bibliographische Detailangaben
1. Verfasser: Lehuta, Michal
Format: Buchkapitel
Sprache:Slowakisch
Schlagworte:
Tags: Tag hinzufügen
Keine Tags, Fügen Sie das erste Tag hinzu!

MARC

LEADER 00000naa a2200000 4500
001 0207878
005 20231113104028.8
041 0 |a slo 
044 |a SK 
245 1 0 |a Čo ak Briti vystúpia z únie  |c Michal Lehuta 
520 |a Kritický postoj britského premiéra D. Camerona k politike Európskej únie. Pripravované referendum o zotrvaní Veľkej Británie v EÚ. Čo hovoria štúdie o dôsledkoch odchodu Spojeného kráľovstva z EÚ. 
610 2 0 |a Veľká Británia 
610 2 0 |a Európska únia 
610 2 0 |a politika medzinárodná 
610 2 0 |a referendum 
610 2 0 |a pohyb síl pracovných medzinárodný 
610 2 0 |a migrácia 
100 1 |a Lehuta, Michal